Aloe Vera: virtudes y cualidades de una planta milagrosa

Salvato in:
Dettagli Bibliografici
Autore principale: Purtí, Iona (Autore)
Natura: Libro
Lingua:spagnolo
Pubblicazione: Barcelona Obelisco 2003
Edizione:1a. ed
Serie:Colección Obelisco Bolsillo
Soggetti:
Tags: Aggiungi Tag
Nessun Tag, puoi essere il primo ad aggiungerne!!

MARC

LEADER 00000nam a2200000 a 4500
001 UCG5935
003 CL-VaPUC
008 110324e20030400SP |||||||||||||||||spa|d
020 |a 8797770331 
082 0 4 |a 584.32  |b PUR  |2 21 
100 0 |a Purtí, Iona  |e author  |9 555857 
245 1 0 |a Aloe Vera: virtudes y cualidades de una planta milagrosa 
250 |a 1a. ed 
300 |a 120 p 
942 |c BK 
945 |d 20110324 00:00:00  |a jcampos 
260 |a Barcelona  |b Obelisco  |c 2003 
650 0 |a Aloe vera  |9 555858 
650 0 |a Propiedades  |9 316623 
650 7 |a LILIACEAE  |2 CL-VaPUC  |9 555859 
650 7 |a CULTIVO DE PLANTAS  |2 CL-VaPUC  |9 362044 
583 |a last modification  |c 20110324 00:00:00  |k Rodrigo Vera 
490 0 |a Colección Obelisco Bolsillo 
999 |c 344259  |d 344257 
952 |0 0  |1 0  |4 0  |6 584_320000000000000_PUR_2003  |7 0  |8 A  |9 442131  |a BIBAGR  |b BIBAGR  |d 2019-11-22  |i 4759664  |l 1  |o 584.32 PUR 2003  |p 4759664  |r 2025-03-14  |s 2025-03-14  |w 2019-11-22  |y BK  |k AGR 
952 |0 0  |1 1  |2 ddc  |4 0  |6 584_320000000000000_PUR_2003  |7 0  |8 A  |9 442132  |a BIBAGR  |b BIBAGR  |d 2019-11-22  |i 4759672  |o 584.32 PUR 2003  |p 4759672  |r 2019-11-22  |w 2019-11-22  |y BK  |k AGR